Länder, die Wien am nächsten liegen - 30 Sekunden Sprint - Statistiken

Allgemein
  • Dieses Quiz wurde 122 mal gespielt
  • Das Durchschnittsergebnis liegt bei 9 aus 20
Antwortstatistiken
km Land % Korrekt
194 Deutschland
96%
38 Slowakei
83%
58 Tschechien
83%
464 Schweiz
82%
149 Slowenien
80%
52 Ungarn
73%
275 Italien
72%
519 Liechtenstein
58%
212 Polen
57%
184 Kroatien
52%
318 Serbien
40%
605 Frankreich
31%
427 Ukraine
30%
329 Bosnien und Herzegowina
28%
375 Rumänien
22%
556 San Marino
18%
657 Bulgarien
14%
556 Montenegro
11%
647 Kosovo
7%
636 Weißrussland
7%
Keine übereinstimmenden Quizze gefunden
Verteilung der Resultate
Anzahl Personen mit jedem Resultat
Perzentil nach korrekt beantworteten Fragen
Ihre Resultats-Entwicklung
Sie haben dieses Quiz noch nicht gespielt